[Event "75th Tata Steel GpC"]
[Site "Wijk aan Zee NED"]
[Date "2013.01.12"]
[Round "1"]
[White "Peralta,Fe"]
[Black "Goryachkina,A"]
[Result "1-0"]
[WhiteElo "2617"]
[BlackElo "2402"]
[EventDate "2013.01.12"]

1. d4 d5 2. c4 e6 3. Nc3 c6 4. e3 Nf6 5. Nf3 Nbd7 6. Bd3 dxc4 7. Bxc4 b5 8.
Bd3 Bd6 9. O-O O-O 10. Bd2 Bb7 11. Rc1 Rc8 12. Ne2 Re8 13. Ng3 a6 14. b4
Bxg3 15. hxg3 c5 16. bxc5 Nxc5 17. Bxh7+ Nxh7 18. Rxc5 Rxc5 19. dxc5 Qc7
20. Qc2 Qc6 21. Rc1 Ng5 22. Ne1 Ne4 23. g4 Rc8 24. Bb4 a5 25. Bxa5 Qxc5 26.
Qxc5 Rxc5 27. Nd3 Rxc1+ 28. Nxc1 Bd5 29. Bb4 f5 30. f3 Nf6 31. gxf5 exf5
32. Bc3 Nd7 33. Bd4 Kf7 34. a3 Bc4 35. Kf2 Nf8 36. Ne2 Ne6 37. Nc3 g6 38.
Bb6 Kf6 39. Ba7 Ke7 40. e4 Nf4 41. g3 Nd3+ 42. Ke3 Ke6 43. Kd4 fxe4 44.
fxe4 Ne5 45. Kc5 Nd7+ 46. Kb4 Bd3 47. Nxb5 Bxe4 48. a4 Ne5 49. Kc5 Nc6 50.
Bb6 Kd7 51. a5 Nb8 52. Bc7 Na6+ 53. Kb6 Bd3 54. Bd6 Bf1 55. Ba3 Bd3 56. Nd4
Bf1 57. Nc6 Ke6 58. Bc1 Kd6 59. Bf4+ Ke6 60. Nd4+ Kd7 61. Nf3 Ke6 62. Nh4
Kf6 63. Bd6 Kf7 64. Ba3 Bc4 65. Nf3 Bf1 66. Bb2 Ke6 67. Bc3 Nb8 68. Nd2 Bd3
69. Nb3 Na6 70. Nd4+ Ke5 71. Nc6+ Ke6 72. Ne5 Bf1 73. Nxg6 Kf5 74. Ne5 Ke4
75. Nc6 Kf3 76. Be5 Ke4 77. Bd6 Kf3 78. Nb8 Nxb8 79. Bxb8 Kg4 80. a6 1-0

[Event "75th Tata Steel GpC"]
[Site "Wijk aan Zee NED"]
[Date "2013.01.12"]
[Round "1"]
[White "Swinkels,R"]
[Black "Kovchan,A"]
[Result "1/2-1/2"]
[WhiteElo "2508"]
[BlackElo "2579"]
[EventDate "2013.01.12"]

1. d4 Nf6 2. c4 g6 3. Nc3 d5 4. Nf3 Bg7 5. Qb3 dxc4 6. Qxc4 O-O 7. e4 a6 8.
Be2 b5 9. Qb3 Nc6 10. e5 Be6 11. exf6 Bxb3 12. fxg7 Kxg7 13. axb3 Nxd4 14.
Nxd4 Qxd4 15. O-O Qe5 16. Bf3 Rad8 17. Rxa6 Rd3 18. Ra5 Rb8 19. b4 Rxf3 20.
gxf3 Qf5 21. Kg2 g5 22. h3 h5 23. Re1 g4 24. f4 Qd7 25. Re5 gxh3+ 26. Kh2
f6 27. Rxh5 Rh8 28. Raxb5 Qc6 29. Rhd5 f5 30. f3 e6 31. Rbc5 Qb7 32. Rd7+
Kh6 33. Ne4 Qxb4 34. Bd2 Qxb2 35. Rcxc7 fxe4 36. Rb7 Qc2 37. Rbc7 Qb3 38.
fxe4 Qf3 39. f5+ Kh5 40. Rh7+ Rxh7 41. Rxh7+ Kg4 42. Rg7+ Kh5 43. Rh7+
1/2-1/2

[Event "75th Tata Steel GpC"]
[Site "Wijk aan Zee NED"]
[Date "2013.01.12"]
[Round "1"]
[White "Brunello,S"]
[Black "Klein,Da"]
[Result "1-0"]
[WhiteElo "2572"]
[BlackElo "2445"]
[EventDate "2013.01.12"]

1. c4 Nf6 2. Nf3 g6 3. d4 Bg7 4. Nc3 d5 5. cxd5 Nxd5 6. e4 Nxc3 7. bxc3 c5
8. Be3 Bg4 9. Rb1 O-O 10. Rxb7 Qa5 11. Qd2 Bxf3 12. gxf3 cxd4 13. cxd4
Qxd2+ 14. Kxd2 Rd8 15. d5 e6 16. Bb5 exd5 17. exd5 Rxd5+ 18. Ke2 a6 19. Ba4
a5 20. Rc1 Na6 21. Bb3 Rdd8 22. Rxf7 Kh8 23. Rc6 Rdc8 24. Rxc8+ Rxc8 25.
Ra7 Nb4 26. Rxa5 h5 27. f4 Bf6 28. a4 Rd8 29. Rc5 Kg7 30. Rc7+ Kh6 31. f5+
Bg5 32. fxg6 Bxe3 33. fxe3 Kxg6 34. a5 Rb8 35. Rc5 h4 36. Bc4 Na2 37. a6
Nc3+ 38. Kf3 Rf8+ 39. Kg4 Nd1 40. Bd3+ Kh6 41. Rc6+ Kg7 42. Kxh4 Nxe3 43.
Kg3 Nd5 44. Be4 Nf6 45. Rc7+ Kh6 46. Bf3 Rg8+ 47. Kf2 Ng4+ 48. Bxg4 Rxg4
49. a7 Ra4 50. Ke3 Kg6 51. Kd3 Kf6 52. Kc3 Ke6 53. h4 Kd6 54. Rg7 Kc6 55.
h5 Kb6 56. h6 Rh4 57. a8=Q Rc4+ 58. Kd2 1-0

[Event "75th Tata Steel GpC"]
[Site "Wijk aan Zee NED"]
[Date "2013.01.12"]
[Round "1"]
[White "Schut,L"]
[Black "Admiraal,M"]
[Result "1/2-1/2"]
[WhiteElo "2295"]
[BlackElo "2321"]
[EventDate "2013.01.12"]

1. e4 c5 2. Nf3 Nc6 3. d4 cxd4 4. Nxd4 e5 5. Nb5 d6 6. N1c3 a6 7. Na3 b5 8.
Nd5 Nce7 9. c4 Nxd5 10. exd5 bxc4 11. Nxc4 Nf6 12. Bd2 Bd7 13. Ba5 Qb8 14.
Bd3 Be7 15. O-O O-O 16. Rc1 Qb7 17. Qd2 Rab8 18. Rfd1 Bg4 19. f3 Bh5 20.
Ne3 Bd8 21. Bxd8 Rfxd8 22. Rc6 Qxb2 23. Qxb2 Rxb2 24. Rdc1 Rbb8 25. Bxa6 h6
26. a4 Rb3 27. R6c3 Rxc3 28. Rxc3 Nd7 29. Rc8 Rxc8 30. Bxc8 Nb6 31. Bb7
Nxa4 32. Nf5 Kf8 33. Nxd6 Nb6 34. Nb5 Ke7 35. Kf2 Nc4 36. Ba6 Nb6 37. Bb7
Nc4 38. Ba6 Nb6 1/2-1/2

[Event "75th Tata Steel GpC"]
[Site "Wijk aan Zee NED"]
[Date "2013.01.12"]
[Round "1"]
[White "Bitensky,I"]
[Black "Romanishin,O"]
[Result "1/2-1/2"]
[WhiteElo "2400"]
[BlackElo "2521"]
[EventDate "2013.01.12"]

1. e4 e5 2. Nf3 Nc6 3. Bb5 a6 4. Ba4 Nf6 5. O-O Be7 6. d3 b5 7. Bb3 d6 8.
a4 Bg4 9. Be3 Na5 10. Ba2 c5 11. axb5 axb5 12. Nc3 Rb8 13. Nd5 Nc6 14. h3
Bd7 15. Nxe7 Qxe7 16. Nh4 O-O 17. f4 c4 18. fxe5 Qxe5 19. Nf5 Bxf5 20. Rxf5
Qxb2 21. dxc4 bxc4 22. Bxc4 Qc3 23. Bd3 Ne5 24. Ra4 Rb4 25. Rxb4 Qxb4 26.
Qd2 Rb8 27. Qxb4 Rxb4 28. Bd2 Ra4 29. Be3 Rb4 1/2-1/2

[Event "75th Tata Steel GpC"]
[Site "Wijk aan Zee NED"]
[Date "2013.01.12"]
[Round "1"]
[White "Mekhitarian,K"]
[Black "Burg,T"]
[Result "1-0"]
[WhiteElo "2543"]
[BlackElo "2492"]
[EventDate "2013.01.12"]

1. e4 c6 2. d4 d5 3. e5 Bf5 4. Nf3 e6 5. Be2 Nd7 6. O-O Ne7 7. Nbd2 Nc8 8.
a4 Be7 9. a5 a6 10. c4 O-O 11. c5 f6 12. b4 fxe5 13. dxe5 Qe8 14. Re1 Qg6
15. Nf1 Na7 16. Ng3 Bg4 17. Bd3 Bxf3 18. gxf3 Qf7 19. f4 g6 20. Kh1 Kh8 21.
Be3 Rg8 22. Qg4 Bf8 23. Ne2 Bg7 24. Nd4 Nf8 25. Rg1 Nc8 26. Nf3 Qe8 27. Qh3
Ne7 28. Rg4 Nf5 29. Rag1 Rd8 30. Nh4 Bh6 31. Bxf5 d4 32. Nxg6+ Nxg6 33.
Rxg6 Rxg6 34. Bxg6 Qf8 35. Bd2 hxg6 36. Rxg6 Kh7 37. f5 Qxf5 38. Qxh6+ 1-0

[Event "75th Tata Steel GpC"]
[Site "Wijk aan Zee NED"]
[Date "2013.01.12"]
[Round "1"]
[White "Gretarsson,Hj"]
[Black "Van der Werf,M"]
[Result "1/2-1/2"]
[WhiteElo "2516"]
[BlackElo "2450"]
[EventDate "2013.01.12"]

1. d4 Nf6 2. c4 e6 3. g3 d5 4. Bg2 Be7 5. Nf3 O-O 6. O-O dxc4 7. Qc2 a6 8.
a4 Bd7 9. Qxc4 Bc6 10. Bg5 Bd5 11. Qd3 c5 12. dxc5 Nbd7 13. Nbd2 Nxc5 14.
Qd4 Nce4 15. Nxe4 Nxe4 16. Bxe7 Qxe7 17. Ne5 Qc5 18. Rad1 Qxd4 19. Rxd4 Nf6
20. e4 Bb3 21. g4 a5 22. g5 Nh5 23. Nd3 Bc2 24. Ne1 e5 25. Rd5 Bb3 26. Rc5
b6 27. Rc6 Rfc8 28. Rxc8+ Rxc8 29. Nd3 Bxa4 30. Nxe5 Nf4 31. Ra1 Bb3 32.
Bf1 Re8 33. Rc1 h6 34. Nd3 Nxd3 35. Bxd3 hxg5 36. Bb5 Re5 37. Rc8+ Kh7 38.
Bd3 g6 39. f3 Re6 40. Rc3 a4 41. Kf2 Kg7 42. Rc7 Rd6 43. Ke3 Rd8 44. Rb7
Rh8 45. Rxb6 Rxh2 46. Be2 Rh1 47. Rb4 Rc1 48. Bb5 Rc2 49. Bxa4 Bxa4 50.
Rxa4 Rxb2 51. Ra7 Rb6 52. Kf2 Kf6 53. Ra5 Re6 54. Kg3 Re5 55. Ra6+ Re6
1/2-1/2

[Event "75th Tata Steel GpC"]
[Site "Wijk aan Zee NED"]
[Date "2013.01.13"]
[Round "2"]
[White "Klein,Da"]
[Black "Schut,L"]
[Result "1-0"]
[WhiteElo "2445"]
[BlackElo "2295"]
[EventDate "2013.01.12"]

1. c4 g6 2. Nc3 Bg7 3. d4 c5 4. d5 Bxc3+ 5. bxc3 f5 6. e4 fxe4 7. f3 e6 8.
Qc2 exd5 9. cxd5 Nf6 10. fxe4 O-O 11. Nf3 d6 12. Be2 Nbd7 13. O-O Ng4 14.
Bg5 Qe8 15. h3 Nge5 16. Nh2 Nf7 17. Bh4 Nde5 18. Rf2 Bd7 19. Raf1 Qc8 20.
Bf6 Qc7 21. Qd2 a6 22. h4 Bb5 23. h5 Bxe2 24. Qxe2 g5 25. h6 Nxh6 26. Qh5
Nhf7 27. Rf5 Rae8 28. Ng4 Nxg4 29. Rxg5+ 1-0

[Event "75th Tata Steel GpC"]
[Site "Wijk aan Zee NED"]
[Date "2013.01.13"]
[Round "2"]
[White "Romanishin,O"]
[Black "Mekhitarian,K"]
[Result "1/2-1/2"]
[WhiteElo "2521"]
[BlackElo "2543"]
[EventDate "2013.01.12"]

1. Nf3 d5 2. g3 Nf6 3. Bg2 c6 4. O-O Bf5 5. c4 e6 6. Qb3 Qb6 7. d3 Nbd7 8.
Be3 Bc5 9. Bxc5 Nxc5 10. Qc3 a5 11. Nbd2 O-O 12. h3 h6 13. Qd4 Rfe8 14.
Rac1 Ncd7 15. Qxb6 Nxb6 16. cxd5 exd5 17. Nd4 Bh7 18. f4 Nfd7 19. Kf2 Re7
20. Rc3 Nc8 21. Ra3 Ndb6 22. Rc1 Nd6 23. Bf3 a4 24. b4 axb3 25. Rxa8+ Nxa8
26. axb3 Nc7 27. b4 Bf5 28. g4 Bd7 29. N2b3 Ncb5 30. Nxb5 Nxb5 31. Nc5 Bc8
32. Ra1 Re8 33. e3 Kf8 34. Be2 Nd6 35. Na4 Ke7 36. Nc3 Kd8 37. Bf3 Kc7 38.
Rc1 Kb6 39. Be2 1/2-1/2

[Event "75th Tata Steel GpC"]
[Site "Wijk aan Zee NED"]
[Date "2013.01.13"]
[Round "2"]
[White "Burg,T"]
[Black "Gretarsson,Hj"]
[Result "0-1"]
[WhiteElo "2492"]
[BlackElo "2516"]
[EventDate "2013.01.12"]

1. e4 e5 2. Nf3 Nc6 3. Bb5 a6 4. Ba4 Nf6 5. O-O Be7 6. Re1 b5 7. Bb3 O-O 8.
d3 d6 9. a3 Be6 10. Bxe6 fxe6 11. d4 exd4 12. Nxd4 Nxd4 13. Qxd4 Nd7 14.
Qd2 Nb6 15. Nc3 d5 16. exd5 exd5 17. Qe3 Bd6 18. Qe6+ Kh8 19. g3 Re8 20.
Qxe8+ Qxe8 21. Rxe8+ Rxe8 22. Kf1 Be5 23. Ne2 Kg8 24. Rb1 c5 25. b3 d4 26.
Bf4 Bf6 27. Bc7 Nd5 28. Ba5 Kf7 29. Rd1 Rc8 30. c4 Ne7 31. cxb5 axb5 32. b4
Nc6 33. Bb6 c4 34. Nf4 d3 35. Nxd3 cxd3 36. Rxd3 Ne5 0-1

[Event "75th Tata Steel GpC"]
[Site "Wijk aan Zee NED"]
[Date "2013.01.13"]
[Round "2"]
[White "Goryachkina,A"]
[Black "Van der Werf,M"]
[Result "1/2-1/2"]
[WhiteElo "2402"]
[BlackElo "2450"]
[EventDate "2013.01.12"]

1. d4 Nf6 2. c4 e6 3. Nf3 d5 4. Nc3 c5 5. cxd5 Nxd5 6. e4 Nxc3 7. bxc3 cxd4
8. cxd4 Bb4+ 9. Bd2 Bxd2+ 10. Qxd2 O-O 11. Be2 b6 12. O-O Bb7 13. Qf4 Nd7
14. Rac1 Rc8 15. Bd3 Qe7 16. e5 h6 17. Qe3 Rxc1 18. Rxc1 Rc8 19. Rxc8+ Bxc8
20. Nd2 Bb7 21. f4 Bd5 22. a3 Nb8 23. Nc4 Nc6 24. Nd6 f5 25. Bb5 Nd8 26.
Qc1 Kh7 27. Qc2 Nb7 28. Nc4 Nd8 29. Qb2 Qh4 30. g3 Qh5 31. Ne3 Qf3 32. Nxd5
Qxd5 33. a4 Nc6 34. Bxc6 Qxc6 35. Qb4 Kg6 36. Qe7 a6 37. Kf2 Qd5 38. Qb4 b5
39. axb5 axb5 40. h3 Kf7 41. Qc3 Qb7 42. Qb4 Qc6 43. Qb3 g5 44. fxg5 hxg5
45. Qd1 Kg6 46. Qd2 Qe4 47. Qb4 f4 48. gxf4 gxf4 49. Qxb5 Qxd4+ 50. Kf1 Kf5
51. Qe2 Qb6 52. h4 Qb3 53. Qh5+ Ke4 54. Qe2+ Kd5 55. h5 Qh3+ 56. Qg2+ Qxg2+
57. Kxg2 Kxe5 58. Kf3 Kf5 59. h6 Kg6 60. Kxf4 Kxh6 61. Ke5 Kg5 62. Kxe6
1/2-1/2

[Event "75th Tata Steel GpC"]
[Site "Wijk aan Zee NED"]
[Date "2013.01.13"]
[Round "2"]
[White "Kovchan,A"]
[Black "Brunello,S"]
[Result "0-1"]
[WhiteElo "2579"]
[BlackElo "2572"]
[EventDate "2013.01.12"]

1. e4 e5 2. Nf3 Nc6 3. d4 exd4 4. Nxd4 Bc5 5. Nxc6 Qf6 6. Qd2 dxc6 7. Nc3
Bd4 8. Bd3 Ne7 9. O-O Ng6 10. Ne2 Bb6 11. Nf4 Qh4 12. Nxg6 hxg6 13. Qf4 Be6
14. Qxh4 Rxh4 15. Re1 Rh8 16. Bg5 f6 17. Be3 Bxe3 18. Rxe3 g5 19. Rf1 Ke7
20. Rg3 Rh4 21. e5 Kf7 22. Re1 Rd8 23. h3 Rhd4 24. Be2 fxe5 25. Bd3 Kf6 26.
Rf3+ Rf4 27. Rfe3 Rd5 28. b3 Rc5 29. R1e2 g4 30. g3 Rd4 31. hxg4 Bxg4 32.
Re1 a5 33. Kg2 Be6 34. Rh1 e4 35. Rhe1 Bd5 36. Bxe4 Rxe4 37. Rxe4 Rxc2 38.
Kf1 Bxe4 39. Rxe4 Rxa2 40. Rf4+ Kg6 41. Ke1 Ra3 42. Rg4+ Kh7 43. Rh4+ Kg8
44. b4 Ra4 0-1

[Event "75th Tata Steel GpC"]
[Site "Wijk aan Zee NED"]
[Date "2013.01.13"]
[Round "2"]
[White "Admiraal,M"]
[Black "Bitensky,I"]
[Result "1/2-1/2"]
[WhiteElo "2321"]
[BlackElo "2400"]
[EventDate "2013.01.12"]

1. e4 g6 2. d4 Bg7 3. Nc3 d6 4. g3 Nf6 5. Bg2 O-O 6. Nge2 Nc6 7. h3 e5 8.
Be3 exd4 9. Nxd4 Bd7 10. O-O Re8 11. Re1 Nxd4 12. Bxd4 c5 13. Be3 Bc6 14.
Qd3 Re6 15. Rad1 Qe8 16. Nd5 Bxd5 17. exd5 Re7 18. Bd2 Rxe1+ 19. Rxe1 Qd7
20. b4 b6 21. Qa6 Re8 22. Rxe8+ Nxe8 23. bxc5 dxc5 24. Bf4 Qe7 25. Qc8 Bd4
26. d6 Qe1+ 27. Kh2 Bxf2 28. h4 h5 29. Bd2 Qe5 30. Bf4 Qe1 31. Bd2 Qe5 32.
Bf4 Qe1 1/2-1/2

[Event "75th Tata Steel GpC"]
[Site "Wijk aan Zee NED"]
[Date "2013.01.13"]
[Round "2"]
[White "Peralta,Fe"]
[Black "Swinkels,R"]
[Result "1-0"]
[WhiteElo "2617"]
[BlackElo "2508"]
[EventDate "2013.01.12"]

1. d4 d5 2. c4 e6 3. Nc3 c5 4. cxd5 exd5 5. Nf3 Nc6 6. e3 Nf6 7. Bb5 Bd6 8.
dxc5 Bxc5 9. O-O O-O 10. b3 Bg4 11. Bb2 a6 12. Bxc6 bxc6 13. Rc1 Bd6 14.
Ne2 Rc8 15. Ng3 Re8 16. Qd3 Ne4 17. Nd2 Nxg3 18. hxg3 h5 19. Nf3 Bxf3 20.
gxf3 Qg5 21. f4 Qg4 22. Kg2 h4 23. Rh1 hxg3 24. Rh3 Qg6 25. f5 Qg4 26. f3
Qg5 27. f4 Bxf4 28. f6 Qg6 29. fxg7 Be5 30. Qxg6 fxg6 31. Bxe5 Rxe5 32.
Rh8+ 1-0

[Event "75th Tata Steel GpC"]
[Site "Wijk aan Zee NED"]
[Date "2013.01.14"]
[Round "3"]
[White "Van der Werf,M"]
[Black "Burg,T"]
[Result "0-1"]
[WhiteElo "2450"]
[BlackElo "2492"]
[EventDate "2013.01.12"]

1. Nf3 d5 2. c4 d4 3. b4 f6 4. d3 e5 5. a3 a5 6. b5 Ne7 7. g3 Nd7 8. Bg2
Nc5 9. a4 Ng6 10. Ba3 Be6 11. Nfd2 Qc8 12. h4 Bd6 13. h5 Nf8 14. Nb3 Nxb3
15. Qxb3 Nd7 16. Nd2 Nc5 17. Qc2 O-O 18. Nb3 Nxb3 19. Qxb3 f5 20. Qc2 Bxa3
21. Rxa3 Rf6 22. Ra1 f4 23. Kd2 fxg3 24. fxg3 Rf2 25. Bf3 Bg4 26. Rhf1 Rh2
27. c5 Kh8 28. Qc4 Qf5 29. Qd5 Qg5+ 30. Kc2 c6 31. bxc6 bxc6 32. Qf7 h6 33.
Rab1 e4 34. Bxg4 exd3+ 35. Kxd3 Qe3+ 36. Kc2 d3+ 37. Kb2 dxe2 38. Rfe1 Qd4+
39. Ka3 Qxg4 40. Rb3 Rd8 41. Qc7 Rd1 42. Qf7 Kh7 0-1

[Event "75th Tata Steel GpC"]
[Site "Wijk aan Zee NED"]
[Date "2013.01.14"]
[Round "3"]
[White "Brunello,S"]
[Black "Peralta,Fe"]
[Result "1/2-1/2"]
[WhiteElo "2572"]
[BlackElo "2617"]
[EventDate "2013.01.12"]

1. d4 d6 2. Nf3 g6 3. c4 Bg7 4. e4 Bg4 5. Be2 Nc6 6. Be3 e5 7. d5 Bxf3 8.
Bxf3 Nd4 9. Nd2 c5 10. dxc6 bxc6 11. Bxd4 exd4 12. e5 Ne7 13. exd6 Qxd6 14.
Ne4 Qc7 15. O-O O-O 16. Nc5 d3 17. Nxd3 Rad8 18. Rb1 Nf5 19. Re1 h5 20. Be2
Be5 21. h3 Bd4 22. Qc1 Bg7 1/2-1/2

[Event "75th Tata Steel GpC"]
[Site "Wijk aan Zee NED"]
[Date "2013.01.14"]
[Round "3"]
[White "Schut,L"]
[Black "Kovchan,A"]
[Result "0-1"]
[WhiteElo "2295"]
[BlackElo "2579"]
[EventDate "2013.01.12"]

1. e4 c5 2. Nf3 d6 3. d4 cxd4 4. Nxd4 Nf6 5. Nc3 a6 6. Bg5 e6 7. f4 h6 8.
Bh4 Qb6 9. Qd2 Qxb2 10. Rb1 Qa3 11. f5 b5 12. Bxf6 gxf6 13. Rb3 Qa5 14. Be2
h5 15. fxe6 fxe6 16. O-O Bg7 17. Kh1 Ra7 18. Qe3 Re7 19. Qg3 O-O 20. Bxh5
b4 21. Qh4 Qg5 22. Qh3 bxc3 23. Rxb8 f5 24. Nf3 Qf6 25. Nh4 Rb7 26. Rxb7
Bxb7 27. exf5 Qg5 28. Bg6 Be4 29. Nf3 Qh6 30. Qg3 exf5 31. Qxd6 Kh8 32. Ne5
Qd2 33. Qxd2 cxd2 34. Nc4 Rd8 35. Ne3 f4 36. Bxe4 fxe3 37. Bf3 Rf8 38. Kg1
Rxf3 39. gxf3 e2 0-1

[Event "75th Tata Steel GpC"]
[Site "Wijk aan Zee NED"]
[Date "2013.01.14"]
[Round "3"]
[White "Gretarsson,Hj"]
[Black "Romanishin,O"]
[Result "1-0"]
[WhiteElo "2516"]
[BlackElo "2521"]
[EventDate "2013.01.12"]

1. d4 Nf6 2. c4 e6 3. g3 Bb4+ 4. Nd2 d5 5. Bg2 O-O 6. Ngf3 dxc4 7. Qc2 c5
8. dxc5 c3 9. bxc3 Bxc5 10. Nb3 Be7 11. O-O Bd7 12. Rd1 Qc8 13. e4 Nc6 14.
e5 Nd5 15. Bd2 Qc7 16. c4 Nb6 17. Qe4 Rac8 18. Rac1 h6 19. Bf1 Rfd8 20. Bd3
g6 21. c5 Nd5 22. Bxh6 Be8 23. Re1 Ndb4 24. Bb1 Rd5 25. a3 Na6 26. Qf4 Na5
27. Nbd2 Nxc5 28. Ne4 f5 29. exf6 Qxf4 30. Bxf4 Bf8 31. Ba2 Bf7 32. Bxd5
exd5 33. Neg5 Nc4 34. Rcd1 Nd7 35. Nxf7 Kxf7 36. Rxd5 Nxf6 37. Rb5 b6 38.
Rc1 1-0

[Event "75th Tata Steel GpC"]
[Site "Wijk aan Zee NED"]
[Date "2013.01.14"]
[Round "3"]
[White "Mekhitarian,K"]
[Black "Admiraal,M"]
[Result "1-0"]
[WhiteElo "2543"]
[BlackElo "2321"]
[EventDate "2013.01.12"]

1. e4 d6 2. d4 Nf6 3. Nc3 g6 4. Be3 c6 5. h3 Nbd7 6. Nf3 Qc7 7. a4 Bg7 8.
Be2 O-O 9. O-O e5 10. dxe5 dxe5 11. Bc4 b6 12. Qe2 Nh5 13. Rfe1 Nc5 14. a5
Rb8 15. axb6 axb6 16. Bxc5 bxc5 17. b3 Nf4 18. Qe3 Qe7 19. Ra5 Qf6 20. Ne2
Qd8 21. Qxc5 Be6 22. Nxf4 Bxc4 23. Nxg6 hxg6 24. bxc4 Rb2 25. Ra6 Rxc2 26.
Rxc6 Qd3 27. Qd5 Rd8 28. Qxd3 Rxd3 29. Rc8+ Bf8 30. Rb1 1-0

[Event "75th Tata Steel GpC"]
[Site "Wijk aan Zee NED"]
[Date "2013.01.14"]
[Round "3"]
[White "Swinkels,R"]
[Black "Goryachkina,A"]
[Result "1-0"]
[WhiteElo "2508"]
[BlackElo "2402"]
[EventDate "2013.01.12"]

1. c4 c6 2. Nf3 d5 3. e3 Nf6 4. Nc3 e6 5. b3 Nbd7 6. Qc2 Bd6 7. Bb2 dxc4 8.
Bxc4 b5 9. Bd3 Nc5 10. Ne4 Nxd3+ 11. Qxd3 Be7 12. Qxd8+ Kxd8 13. Bxf6 gxf6
14. Rc1 Ba3 15. Rc2 Ke7 16. Nd4 Bd7 17. Nxc6+ Bxc6 18. Rxc6 Rhc8 19. Rxc8
Rxc8 20. Ke2 b4 21. g4 Rc2 22. Ra1 Bb2 23. Rb1 Ba3 24. Ra1 Bb2 25. Kd3
Rxd2+ 26. Kxd2 Bxa1 27. f4 f5 28. gxf5 exf5 29. Ng5 h6 30. Nf3 Ke6 31. Kd3
Kd5 32. Nh4 Ke6 33. Nf3 Kd5 34. Nh4 Ke6 35. Kc4 Bb2 36. Nf3 Bc1 37. Nd4+
Kf6 38. Kd3 Kg6 39. Ke2 a6 40. Kf3 Bd2 41. Nc6 Kf6 42. Nb8 Ke6 43. Nxa6 Kd5
44. Ke2 Bc3 45. Kd3 Be1 46. Ke2 Bc3 47. Kd3 Be1 48. Nc7+ Kc6 49. Ne8 Bc3
50. a4 h5 51. a5 Ba1 52. Kc4 Bc3 53. a6 Bb2 54. Nd6 Kb6 55. Nxf7 Bc1 56.
Kd3 Kxa6 57. Nd6 Bb2 58. Kc4 Bc3 59. Nxf5 1-0

[Event "75th Tata Steel GpC"]
[Site "Wijk aan Zee NED"]
[Date "2013.01.14"]
[Round "3"]
[White "Bitensky,I"]
[Black "Klein,Da"]
[Result "1-0"]
[WhiteElo "2400"]
[BlackElo "2445"]
[EventDate "2013.01.12"]

1. Nf3 Nf6 2. g3 g6 3. Bg2 Bg7 4. O-O O-O 5. d3 d5 6. Nbd2 Nc6 7. e4 e5 8.
c3 a5 9. a4 h6 10. Re1 Re8 11. Qc2 Be6 12. exd5 Bxd5 13. Ne4 Nd7 14. Nh4
Nf8 15. Be3 f5 16. Rad1 Bf7 17. Nc5 Qf6 18. Nxb7 f4 19. Bc1 Nd7 20. Qe2 g5
21. Nf5 Ra7 22. Qe4 Re6 23. Nfd6 cxd6 24. Qxc6 Rxb7 25. Qxb7 Nc5 26. Qc6 e4
27. dxe4 f3 28. e5 Qe7 29. Qa8+ Kh7 30. Qxf3 Bxe5 31. b4 Nxa4 32. Qd3+ Kg7
33. Bd5 Rf6 34. Bxf7 Qxf7 35. Qd5 Bxc3 36. Qxf7+ Kxf7 37. Bd2 axb4 38. Bxc3
bxc3 39. Rd4 Nc5 40. Rc4 Nd3 41. Re2 Ne5 42. Rxc3 g4 43. Ra3 Re6 44. Kg2
Rf6 45. Ra4 Rg6 46. Rb2 Ke6 47. Rb8 Kd5 48. Rb5+ Ke6 49. Rb8 Kd5 50. h3
gxh3+ 51. Kxh3 Nd3 52. Rf8 Nc5 53. Rg4 Re6 54. Rh4 Nd3 55. Kg2 Ne1+ 56. Kf1
Nd3 57. Rf5+ Kc6 58. Rf3 Ne5 59. Re3 Rf6 60. Kg2 Kd7 61. f4 Ng6 62. Rh1 Ne7
63. Ra3 Nf5 64. Kf3 Rg6 65. Ra7+ Kc6 66. g4 Nd4+ 67. Ke4 Nb5 68. Kf5 Rg8
69. Ra4 d5 70. Rxh6+ Nd6+ 71. Ke5 Re8+ 72. Re6 1-0

[Event "75th Tata Steel GpC"]
[Site "Wijk aan Zee NED"]
[Date "2013.01.15"]
[Round "4"]
[White "Swinkels,R"]
[Black "Brunello,S"]
[Result "1/2-1/2"]
[WhiteElo "2508"]
[BlackElo "2572"]
[EventDate "2013.01.12"]

1. d4 d5 2. c4 c6 3. Nf3 Nf6 4. e3 Bg4 5. Qb3 Qb6 6. Nc3 e6 7. Nh4 Nbd7 8.
h3 Bh5 9. g4 Bg6 10. Nxg6 hxg6 11. Bg2 Qb4 12. c5 Qxb3 13. axb3 a6 14. f4
Be7 15. g5 Nh5 16. Ne2 f5 17. Bd2 Bd8 18. Ba5 Bxa5+ 19. Rxa5 Ke7 1/2-1/2

[Event "75th Tata Steel GpC"]
[Site "Wijk aan Zee NED"]
[Date "2013.01.15"]
[Round "4"]
[White "Admiraal,M"]
[Black "Gretarsson,Hj"]
[Result "1/2-1/2"]
[WhiteElo "2321"]
[BlackElo "2516"]
[EventDate "2013.01.12"]

1. e4 e5 2. Nf3 Nc6 3. Bb5 a6 4. Bxc6 dxc6 5. Nc3 f6 6. d4 exd4 7. Nxd4 c5
8. Nde2 Qxd1+ 9. Nxd1 Be6 10. Ndc3 O-O-O 11. Be3 Bd6 12. O-O-O Ne7 13. Bf4
Bxf4+ 14. Nxf4 Bf7 15. h4 Nc6 16. Rh3 Nd4 17. a3 Rhe8 18. Rhd3 a5 19. f3 b5
20. R3d2 c6 21. Nce2 Nxe2+ 22. Rxe2 Rxd1+ 23. Kxd1 c4 24. c3 Kc7 25. Rd2 g5
26. hxg5 fxg5 27. Ne2 h5 28. Nd4 Bg6 29. Ke2 Kb6 30. Ke3 Re7 31. Ne2 Kc7
32. Rd4 a4 33. Rd2 1/2-1/2

[Event "75th Tata Steel GpC"]
[Site "Wijk aan Zee NED"]
[Date "2013.01.15"]
[Round "4"]
[White "Romanishin,O"]
[Black "Van der Werf,M"]
[Result "1-0"]
[WhiteElo "2521"]
[BlackElo "2450"]
[EventDate "2013.01.12"]

1. Nf3 d5 2. d4 Nf6 3. c4 e6 4. g3 Be7 5. Bg2 O-O 6. Qc2 c5 7. dxc5 Bxc5 8.
cxd5 Qc7 9. Nc3 Nxd5 10. O-O Be7 11. Bd2 Bd7 12. Rac1 Nxc3 13. Bxc3 Bc6 14.
b4 Qb6 15. Qb2 Re8 16. a3 Bf8 17. Bd4 Qb5 18. Bc5 Bxf3 19. Bxf3 Bxc5 20.
Rxc5 Qb6 21. Rfc1 Rd8 22. a4 Nc6 23. Bxc6 bxc6 24. Rxc6 Qb7 25. b5 h6 26.
Qc3 Rd7 27. Rc7 Rxc7 28. Qxc7 Qb6 29. e3 Rb8 30. Rc6 Qb7 31. Qxb7 Rxb7 32.
Rc8+ Kh7 33. Kf1 g5 34. Ke2 Rd7 35. Rc4 Kg6 36. a5 Kf6 37. h4 Ke7 38. hxg5
hxg5 39. Rb4 Rb7 40. Kd3 Kd6 41. Kd4 f6 42. g4 Rb8 43. Rb2 Rd8 44. Rc2 Ke7+
45. Ke4 Rd5 46. Rb2 Kd7 47. b6 axb6 48. axb6 Kc8 49. b7+ Kb8 50. Rb6 Re5+
51. Kf3 f5 52. gxf5 Rxf5+ 53. Kg3 e5 54. Rb5 g4 55. Rb2 Rg5 56. e4 Rg7 57.
Rb5 1-0

[Event "75th Tata Steel GpC"]
[Site "Wijk aan Zee NED"]
[Date "2013.01.15"]
[Round "4"]
[White "Klein,Da"]
[Black "Mekhitarian,K"]
[Result "1-0"]
[WhiteElo "2445"]
[BlackElo "2543"]
[EventDate "2013.01.12"]

1. e4 c5 2. Nf3 d6 3. d4 cxd4 4. Qxd4 Nc6 5. Bb5 Bd7 6. Bxc6 Bxc6 7. Nc3 h6
8. Be3 e5 9. Qd3 Nf6 10. O-O-O Be7 11. Kb1 Qa5 12. Bc1 b5 13. Nd2 O-O 14.
Nd5 Bxd5 15. exd5 Rac8 16. Nf1 Rfe8 17. Ne3 Bf8 18. g4 g6 19. Rhg1 e4 20.
Qe2 Bg7 21. h4 b4 22. Qd2 Qc5 23. g5 hxg5 24. Rxg5 Kf8 25. Qe2 a5 26. h5
Nxh5 27. Rxh5 gxh5 28. Qxh5 Re5 29. Qh4 Qc7 30. Rg1 f5 31. b3 Qf7 32. Bb2
Qf6 33. Qh7 f4 34. Rg6 fxe3 35. Rxf6+ Bxf6 36. Bxe5 Bxe5 37. Qf5+ Ke7 38.
Qxc8 e2 39. Qe6+ Kd8 40. Qg8+ 1-0

[Event "75th Tata Steel GpC"]
[Site "Wijk aan Zee NED"]
[Date "2013.01.15"]
[Round "4"]
[White "Kovchan,A"]
[Black "Bitensky,I"]
[Result "1-0"]
[WhiteElo "2579"]
[BlackElo "2400"]
[EventDate "2013.01.12"]

1. e4 e5 2. Nf3 d6 3. d4 exd4 4. Nxd4 Nf6 5. Nc3 Be7 6. g3 Bg4 7. Qd3 Nbd7
8. Bg2 O-O 9. h3 Ne5 10. Qe3 Bd7 11. O-O Re8 12. g4 h6 13. Nf5 Bf8 14. Qg3
c6 15. f4 Ng6 16. Be3 d5 17. e5 Bxf5 18. gxf5 Ne7 19. Bf2 Nxf5 20. Qd3 Ne4
21. Nxe4 dxe4 22. Qxe4 g6 23. Rfd1 Qc7 24. Rd3 Rad8 25. Rad1 h5 26. Qc4 Bh6
27. Be4 Rxd3 28. Rxd3 Rd8 29. Bxf5 gxf5 30. Rg3+ Kh7 31. Qe2 h4 32. Rd3
Rxd3 33. Qxd3 Kg6 34. Qd4 Qe7 35. Kg2 b6 36. Kf3 Bf8 37. a4 Qb7 38. c4 Be7
39. Ke2 Qc8 40. Kf3 Qe6 41. b3 Qc8 42. a5 Qd8 43. Qxd8 Bxd8 44. Ke2 Kg7 45.
Kd3 Kf8 46. Kc3 Ke8 47. Bxb6 Bxb6 48. axb6 axb6 49. c5 b5 50. Kb4 Kd7 51.
Ka5 Ke6 52. Kb6 Kd5 53. b4 Ke4 54. Kxc6 Kxf4 55. Kd5 Kg3 56. c6 f4 57. c7
f3 58. c8=Q f2 59. Qg4+ Kh2 60. Qf3 Kg1 61. Qxf7 Kh1 62. e6 1-0

[Event "75th Tata Steel GpC"]
[Site "Wijk aan Zee NED"]
[Date "2013.01.15"]
[Round "4"]
[White "Peralta,Fe"]
[Black "Schut,L"]
[Result "1-0"]
[WhiteElo "2617"]
[BlackElo "2295"]
[EventDate "2013.01.12"]

1. d4 Nf6 2. c4 g6 3. Nc3 d5 4. cxd5 Nxd5 5. e4 Nxc3 6. bxc3 Bg7 7. Nf3 c5
8. Rb1 O-O 9. Be2 cxd4 10. cxd4 Qa5+ 11. Bd2 Qxa2 12. O-O Bg4 13. Bg5 h6
14. Be3 Nc6 15. d5 Na5 16. Rb4 Bxf3 17. Bxf3 b6 18. e5 Bxe5 19. d6 Qe6 20.
Bxa8 Qxd6 21. Qd5 e6 22. Qxd6 Bxd6 23. Rd4 Be5 24. Bf3 Bxd4 25. Bxd4 Nb3
26. Be3 Rc8 27. Rb1 Rc3 28. Bd1 Na5 29. Bxh6 Nc4 30. Be2 f6 31. h4 Kf7 32.
g3 e5 33. Rb3 1-0